| 000 | 00992 a2200193 4500 | ||
|---|---|---|---|
| 003 | Nust | ||
| 005 | 20221123124442.0 | ||
| 020 | _a8174090940 | ||
| 040 | _cNust | ||
| 082 | _a621.3813,DAS | ||
| 100 |
_aDas, Sajal K. _9103414 |
||
| 245 |
_aMicrowave signals and systems engineering / _cDas Sajal K. |
||
| 250 | _a1st ed | ||
| 260 |
_aDelhi _bKhanna Publiser _c2000 |
||
| 300 |
_a323 p. _billus _c24 cm |
||
| 505 | _aElectromagnetic Spectrum and Introduction to Microwave (Page-1), electromagnetic Field Theory (Page-10), Transmission Line (Page-31), Smith Chart (Page-58), Wave Guides (Page-66), Planar Transmission Line (Page-113), Network Parameters Analysis (Page-124), Microwave Components (Page-144), Microwave Sources (Page-179), Microwave Measurements Techniques (Page-210), Antenna (Page-225), Radar Systems Microwave Communication (Page-280), Electromagnetic Interface and Electromagnetic Compatibility (Page-305). | ||
| 650 | _aTelecommunication Engineering | ||
| 942 |
_2ddc _cBK |
||
| 999 |
_c181831 _d181831 |
||